Personnel management

Αποθηκεύτηκε σε:
Λεπτομέρειες βιβλιογραφικής εγγραφής
Κύριος συγγραφέας: Flippo, Edwin B.
Μορφή: Βιβλίο
Γλώσσα:English
Δημοσίευση: New York : McGraw-Hill, c1980
Έκδοση:5th ed.
Σειρά:McGraw-Hill series in management
Θέματα:
Ετικέτες: Προσθήκη ετικέτας
Δεν υπάρχουν, Καταχωρήστε ετικέτα πρώτοι!

MARC

LEADER 00000cam a2200000 i 4500
001 1/48773
008 960315s1980 eng d
020 |a 0070662843 
035 |l 10026726 
040 |a GR-MY-UA  |b gre  |e aacr 
041 0 |a eng 
082 0 |a 658.3 
100 1 |a Flippo, Edwin B. 
245 1 0 |a Personnel management /  |c Edwin B. Flippo 
250 |a 5th ed. 
260 |a New York :   |b McGraw-Hill,   |c c1980 
300 |a xvi, 511 σ.;  |b εικ.;  |c 25 εκ. 
490 1 |a McGraw-Hill series in management 
500 |a First-4th ed. published under title: Principles of personnel management 
504 |a Περιλαμβάνει βιβλιογραφικές παραπομπές και ευρετήριο 
650 0 0 |a Personnel management. 
852 |a INST  |b CHIOS  |e 19960315  |h 658.3 FLI  |p 005200004480  |q 005200004480  |t BK  |y 0 
909 |a Χ  |b 000042